000 00673nmc a2200253 a 4500
003 AR-BaBNM
005 20251128203945.0
008 125019s1992 ||||||||||||||000 | spa||
020 _a84-7509-821-5
040 _cAR-BaBNM
100 1 _aFerrés i Prats, Joan
245 1 0 _aVídeo y educación
260 _aBarcelona
_bPaidós
_c1992
300 0 _a213 p.
_bcuadros, il.
490 0 _aPapeles de pedagogía
_vv. 8
504 _aBibliografía consultada: p. 201-213
650 4 _aTECNOLOGIA EDUCATIVA
650 4 _aENSENANZA AUDIOVISUAL
650 4 _aTECNICAS DE ENSENANZA
650 4 _aTELEVISION EDUCATIVA
653 0 _aVIDEO
942 _cBK
998 _cEthel
999 _c5610
_d5610